Effect of supplementation of vitamin c and b-complex in drinking water on growth of khme hybrid chicken at animal experimental station of rua (ឥទ្ធិពលនៃការបន្ថែមវីតាមីន( C) និងបេកុុំផ្លិច​ក្នុងទឺកផឺកទៅលើការលូតលាស់របស់មាន់ខ្មែរកូនកាត់នៅស្ថានីយ៏ពិសោធន៏សត្វនៃសាកលវិទ្យាល័យភូមិន្ទកសិកម្ម) (Record no. 2437)

000 -LEADER
fixed length control field 00907nam a22001337a 4500
040 ## - CATALOGING SOURCE
Transcribing agency RUA
082 ## - DEWEY DECIMAL CLASSIFICATION NUMBER
Classification number AVM CHE 2009 B089 Or.1
100 ## - MAIN ENTRY--AUTHOR NAME
Personal name CHENG, VUTHA.
245 ## - TITLE STATEMENT
Title Effect of supplementation of vitamin c and b-complex in drinking water on growth of khme hybrid chicken at animal experimental station of rua (ឥទ្ធិពលនៃការបន្ថែមវីតាមីន( C) និងបេកុុំផ្លិច​ក្នុងទឺកផឺកទៅលើការលូតលាស់របស់មាន់ខ្មែរកូនកាត់នៅស្ថានីយ៏ពិសោធន៏សត្វនៃសាកលវិទ្យាល័យភូមិន្ទកសិកម្ម)
260 ## - PUBLICATION, DISTRIBUTION, ETC. (IMPRINT)
Place of publication Phnom Penh
Name of publisher RUA
Year of publication 2009
300 ## - PHYSICAL DESCRIPTION
Number of Pages v, 39p.
Other physical details ill.
Dimensions 29cm.
856 ## - ELECTRONIC LOCATION AND ACCESS
Uniform Resource Identifier https://drive.google.com/file/d/13gJo_0xFSnhJPUqGB03sZitOCfp7ESp7/view?usp=sharing
942 ## - ADDED ENTRY ELEMENTS (KOHA)
Koha item type AVM
952 ## - LOCATION AND ITEM INFORMATION (KOHA)
Withdrawn status [LOCAL, KOHA] 0
952 ## - LOCATION AND ITEM INFORMATION (KOHA)
Withdrawn status [LOCAL, KOHA] 0
952 ## - LOCATION AND ITEM INFORMATION (KOHA)
Withdrawn status [LOCAL, KOHA] 0
952 ## - LOCATION AND ITEM INFORMATION (KOHA)
Withdrawn status [LOCAL, KOHA] 0
952 ## - LOCATION AND ITEM INFORMATION (KOHA)
Withdrawn status [LOCAL, KOHA] 0
952 ## - LOCATION AND ITEM INFORMATION (KOHA)
Withdrawn status [LOCAL, KOHA] 0
952 ## - LOCATION AND ITEM INFORMATION (KOHA)
Withdrawn status [LOCAL, KOHA] 0
952 ## - LOCATION AND ITEM INFORMATION (KOHA)
Withdrawn status [LOCAL, KOHA] 0
952 ## - LOCATION AND ITEM INFORMATION (KOHA)
Withdrawn status [LOCAL, KOHA] 0
Holdings
Permanent Location Date acquired Koha item type Lost status Shelving location Barcode Current Location Full call number
Library Block B2015-10-21AVM B089RUA017091Library Block BAVM CHE 2009 B089 Or.1
Library Block B2015-10-21AVM B089RUA006989Library Block BAVM CHE 2009 B089 Or.2
Library Block B2015-10-21AVM B089-RUA006157Library Block BAVM CHE 2009 B089 Or.3
Library Block B2015-10-21AVM B089RUA006966Library Block BAVM CHE 2009 B089 Or.4
Library Block B2015-10-21AVM B089RUA017585Library Block BAVM CHE 2009 B089 Or.5
Library Block B2015-10-21AVM B089RUA009088Library Block BAVM CHE 2009 B089 Or.6
Library Block B2015-10-21AVM B089RUA009065Library Block BAVM CHE 2009 B089 Or.7
Library Block B2015-10-21AVM B089RUA015286Library Block BAVM CHE 2009 B089 Or.8
Library Block B2015-10-21AVM B089RUA009154Library Block BAVM CHE 2009 B089 Or.9
មជ្ឈមណ្ឌលឯការនៃសាកលវិទ្យាល័យភូមិន្ទកសិកម្មចំការដូង

Powered by Koha